000 00484nam a2200181Ia 4500
005 20250326124306.0
008 250326s9999 xx 000 0 und d
037 _aTextbook
040 _aFMSL
_beng
_cFMSL
041 _aeng
_2eng
084 _aX9B.1'N7 L1
_qFMSL
100 _aGiri V V
245 0 _aSmall industry in the seventies
_cGiri V V
260 _aLondon
_bLondon, Vikas
_c1971
300 _a297p
942 _cTB
_hX9B.1'N7 L1
999 _c1273126
_d1273126